World Cities in the IPA - Statistics

General Stats
  • This quiz has been taken 95 times
  • The average score is 10 of 15
Answer Stats
Hint Answer % Correct
[ˈsankt pʲɪtʲɪrˈburk] Saint Petersburg
94%
['praɦa] Prague
89%
[ˈmɛl.bən] Melbourne
85%
[sʌul] Seoul
83%
[maɪˈæmi] Miami
82%
[aˈθina] Athens
81%
[varˈʂa.va] Warsaw
76%
[kʰøpm̩ˈhɑwˀn] Copenhagen
74%
[bʁyksɛl] Brussels
69%
[ˈhi.u d͡ʒaˈne.ɾu] Rio de Janeiro
58%
[ˈtsyːrɪç] Zurich
58%
[ˈtʃɹɒno] Toronto
42%
[ælqɑˈheɾɑ] Cairo
39%
[ˈkœlə] Cologne
29%
[zɑ̃̀.hɛ́] Shanghai
12%
No matching quizzes found
Score Distribution
Percent of People with Each Score
Percentile by Number Answered
Your Score History
You have not taken this quiz